Kanye West - Pinocchio Story - Lyrics - Statistics

General Stats
  • This quiz has been taken 10 times
  • The average score is 311 of 499
Answer Stats
Hint Answer % Correct
a
100%
you
100%
you,
100%
You
100%
and
83%
And
83%
be
83%
boy,
83%
boy"
83%
boy",
83%
Do
83%
I
83%
just
83%
"Kanye,
83%
love,
83%
love
83%
me,
83%
me
83%
my
83%
out
83%
out,
83%
real
83%
Real
83%
real,
83%
say,
83%
say
83%
the
83%
The
83%
they
83%
They
83%
wanna
83%
when
83%
autograph,
67%
can
67%
can't
67%
can't,
67%
figure
67%
find
67%
he
67%
home
67%
in
67%
is
67%
is,
67%
it
67%
it,
67%
keep
67%
L.A,
67%
life?
67%
life,
67%
live
67%
man
67%
never
67%
Never
67%
No
67%
no
67%
Not
67%
nothing,
67%
of
67%
on,
67%
on
67%
one
67%
one,
67%
One
67%
Pinoccio
67%
see
67%
sees
67%
sign
67%
so
67%
some
67%
story
67%
that
67%
That
67%
this
67%
to
67%
To
67%
was
67%
way,
67%
way
67%
we
67%
Intro Wise
67%
wise
67%
all
50%
All
50%
American
50%
back
50%
back,
50%
Back
50%
behind
50%
beside
50%
big
50%
buy,
50%
camera?"
50%
clothes
50%
could
50%
cryin',
50%
day
50%
day,
50%
death,
50%
does
50%
dough
50%
dream,
50%
everybody
50%
fault,
50%
fault
50%
feel
50%
feel,
50%
for
50%
For
50%
from
50%
funny,
50%
get
50%
Gucci
50%
heart
50%
hell,
50%
hoes
50%
jail,
50%
left,
50%
like?
50%
like,
50%
like
50%
Louis
50%
maybe
50%
mind,
50%
money
50%
more,
50%
put
50%
really
50%
talk
50%
There
50%
there,
50%
there
50%
too
50%
tour
50%
turn
50%
T.V,
50%
T.V
50%
vacation
50%
Vuitton
50%
what
50%
What
50%
"Where's
50%
will
50%
You'll
50%
you'll
50%
your
50%
about,
33%
ask
33%
at
33%
call
33%
chasin'
33%
Chasin'
33%
come
33%
crazy,
33%
crazy
33%
everything
33%
Everything
33%
facade
33%
fame,
33%
fame
33%
figured
33%
Geppetto,
33%
have
33%
her
33%
him
33%
Verse 1 | Verse 2 It's
33%
keeps
33%
kept
33%
laugh,
33%
laugh?
33%
lied,
33%
livin'
33%
moved
33%
only
33%
oughta
33%
piece
33%
Pinocchio's
33%
screen,
33%
seem
33%
seen,
33%
sell,
33%
something
33%
something,
33%
spend
33%
spot
33%
stamina?
33%
tell
33%
that's
33%
think
33%
time,
33%
truth,
33%
up
33%
world
33%
always
17%
Benz
17%
bring
17%
But
17%
doubt,
17%
flashing
17%
fly,
17%
goes,
17%
got
17%
got,
17%
guide
17%
I'm
17%
lights,
17%
looking
17%
Perspective,
17%
reason
17%
right
17%
running,
17%
sacrifice
17%
Thinkin'
17%
tonight,
17%
tryna
17%
stays,
0%
Y.S.L
0%
No matching quizzes found
Score Distribution
Percent of People with Each Score
Percentile by Number Answered
Your Score History
You have not taken this quiz